| 000 | 00691nam a22001937a 4500 | ||
|---|---|---|---|
| 999 |
_c195217 _d195217 |
||
| 005 | 20230313113642.0 | ||
| 010 | _aENG-136371 | ||
| 020 |
_a9789390122301 _c1022.00 |
||
| 035 | _aEN-119903 | ||
| 037 | _bDBAD/PUB | ||
| 082 | _a409.54 | ||
| 245 |
_aThe Languages Of Andaman And Nicobar Islands: _cEdited By Aditi G.N Devy and M.Sreenathan _bPeople's linguistic survey of India volume 2 / |
||
| 260 |
_aTelengana _bOrient Blackswan Pvt. Ltd. _c2020 |
||
| 270 |
_bHydrabad _a3-6-752, Himayatnagar _e500029 _minfo@orientblackswan.com |
||
| 300 |
_axli107p. _c24cm(Hb) |
||
| 700 |
_aG.N Devy _eChief Editor |
||
| 700 |
_aM.Sreenathan _eEditor |
||
| 942 |
_2ddc _cEN _mGND _h409.54 |
||